| 000 | 00000nam 2200000za 4500 |
| 001 | 9.677034 |
| 003 | CaOODSP |
| 005 | 20221107134406 |
| 007 | cr ||||||||||| |
| 008 | 150407s2013 onc|||||o f|0| 0 fre d |
| 020 | |a978-0-660-21181-7 |
| 040 | |aCaOODSP|bfre |
| 043 | |an-cn--- |
| 086 | 1 |aH34-268/2013F-PDF |
| 245 | 00|aFaire face à l'émotivité |h[ressource électronique]. |
| 260 | |aOttawa : |bSanté Canada, |c[2013]. |
| 300 | |a[2] p. |
| 500 | |aPublié aussi en anglais sous le titre : Coping with emotional reactions. |
| 692 | 07|2gccst|aProgramme pour autochtones |
| 692 | 07|2gccst|aService d'orientation |
| 710 | 1 |aCanada.|bSanté Canada. |bDirection générale de la santé des Premières nations et des Inuits. |
| 775 | 08|tCoping with emotional reactions |w(CaOODSP)9.629440 |
| 775 | 08|tFaire face à l'émotivité |w(CaOODSP)9.800300 |
| 776 | 0#|tFaire face à l'émotivité |w(CaOODSP)9.685678 |
| 856 | 40|qPDF|s1.25 Mo|uhttps://publications.gc.ca/collections/collection_2015/sc-hc/H34-268-2013-fra.pdf |
| 986 | |aPub. : 130332 FRE |